000 00690nam a2200205Ii 4500
003 JO-AjNU
008 230605s9999||||xx |||||||||||||| ||und||
017 _a2011/5/2075
040 _aJO-AjNU
_bara
_erda
_cJO-AjNU
041 _aara
050 1 4 _aDK262 . H37 2011
100 3 _aتاليف الحطاب، سلطان,
_eauthor
_931908
245 0 0 _a اذربيجان : عروس القزوين وبلاد النفط
264 3 1 _aعمان: دار العروبة، 2011
300 _a385ص
_bصور فوتوغرافية
336 _atext
_btxt
_2rdacontent
337 _aunmediated
_bn
_2rdamedia
338 _avolume
_bnc
_2rdacarrier
650 4 _aاذربيجان - تا ريخ
_931909
999 _aA12816
_c16384
_d16384